| 000 | 00579nam a2200241 a 4500 | ||
|---|---|---|---|
| 001 | nice12345678 | ||
| 003 | IN_TiNIC | ||
| 005 | 20260116014523.0 | ||
| 008 | 100309s2009 dela grp 000 0 eng | ||
| 020 |
_a9788184551310 _c750 |
||
| 082 | 0 | 0 |
_a150 _bDUB |
| 100 | _aDubey, K C | ||
| 245 | _aIntroduction to General Psychology | ||
| 260 |
_aDelhi _bOmega Publications _c2009 |
||
| 300 | _a264p | ||
| 500 | _aincludes index and biblioraphy | ||
| 505 | 2 | _aindex | |
| 650 | _aPsychology | ||
| 700 | 1 | _aDubey, K C | |
| 902 | _bSRS | ||
| 942 | _cBK | ||
| 999 |
_c15758 _d15758 |
||